LEADER 00890nam2-22003011i-450- 001 990004059340403321 005 20080519130417.0 035 $a000405934 035 $aFED01000405934 035 $a(Aleph)000405934FED01 035 $a000405934 100 $a19990604d1951----km-y0itay50------ba 101 1 $aita$alat 105 $af-------00-y- 200 1 $aEzechiele$fa cura del prof. D. Francesco Spadafora 210 $aTorino$cMarietti$d1951 215 $aIX, 356 p., 2 tav.$d27 cm 461 0$1001000579358$12001$a<>Sacra Bibbia 500 11$aBibbia.$iVecchio Testamento.$iEzechiele$m$955323 676 $a220.77 702 1$aSpadafora,$bFrancesco 801 0$aIT$bUNINA$gRICA$2UNIMARC 901 $aBK 912 $a990004059340403321 952 $a220.77 GAR 1 (24)$bBIBL. 25194$fFLFBC 959 $aFLFBC 996 $aBibbia$955323 997 $aUNINA LEADER 00907nam0-22003011i-450- 001 990006767670403321 005 20001010 035 $a000676767 035 $aFED01000676767 035 $a(Aleph)000676767FED01 035 $a000676767 100 $a20001010d--------km-y0itay50------ba 101 0 $aita 105 $ay-------001yy 200 1 $aArchitettura in Sicilia nelle eta islamica e normanna$e827-1194$fGiuseppe Bellafiore 210 $aPalermo$cA. Lombardi$d1990. 215 $a368 p. ill. tav. 26 cm 225 1 $a<>civilta siciliana. Storia dell'artein Sicilia$v1 676 $a720.9458 700 1$aBellafiore,$bGiuseppe$023786 801 0$aIT$bUNINA$gRICA$2UNIMARC 901 $aBK 912 $a990006767670403321 952 $aXIV O 162$b19629$fFSPBC 959 $aFSPBC 996 $aArchitettura in Sicilia nelle eta islamica e normanna$9631119 997 $aUNINA DB $aGEN01 LEADER 00968nam0 22002893i 450 001 PUV0334979 005 20251003044312.0 010 $a0632035072 100 $a20080201d1997 ||||0itac50 ba 101 | $aeng 102 $agb 181 1$6z01$ai $bxxxe 182 1$6z01$an 200 1 $aEarth surface processes$fPhilip A. Allen 210 $a(Oxford)$cBlackwell science$dc1997 215 $aXI, 404 p.$cill.$d25 cm. 606 $aGeografia fisica$2FIR$3CFIC007900$9E 676 $a551.3$9sedimentologia$v14 700 1$aAllen$b, Philip A.$3IEIV032225$4070$0232183 801 3$aIT$bIT-000000$c20080201 850 $aIT-BN0095 901 $bNAP 01$cSALA $n$ 912 $aPUV0334979 950 0$aBiblioteca Centralizzata di Ateneo$c1 v.$d 01SALA 551.3 ALL.ea$e 0104 9000003055 VMA 1 v.$fA $h20080201$i20080201 977 $a 01 996 $aEarth surface processes$91574176 997 $aUNISANNIO